=LDR 00000nam 2200000 4500 =001 INLIS000000000041139 =005 20200803111644 =035 ##$$a 0010-061300000041139 =008 200803################g##########0#ind## =041 ##$$a ind =082 ##$$a 158.1 =090 ##$$a 158.1, Blu b =100 1#$$a Blumenthal, Noah =245 1#$$a Be the hero : $b Tiga taktik dahsyat mengatasi tantangan kerja dan hidup /$c Noah Blumenthal;Alih bahasa, Amelia burhan =260 ##$$a Jakarta :$b Elex Media Komputindo,$c 2011 =300 ##$$a Xiv,184 Hlm, ; $c 21 X 14 cm. =650 #4$$a Sukses-Aspek Psikologi =700 1#$$a Burhan, Amelia =850 ##$$a NBPNMAT =020 ##$$a 9786020001678 =084 ##$$a 158.1 BLU b =250 ##$$a Diterbitkan pertama kali =990 ##$$a 21110921 =990 ##$$a 21103470 =990 ##$$a 21110920 =990 ##$$a 21103471